Cote D'Ivoire : EIU country profile 2005.
| Format: | Book |
|---|---|
| Published: |
London:
The Economist Intelligence Unit,
2005.
|
| Subjects: |
| LEADER | 00506cam a2200157 7i4500 | ||
|---|---|---|---|
| 001 | 0000015690 | ||
| 005 | 20050621090000.0 | ||
| 022 | 0 | 0 | |a 1351-0576 |
| 090 | 0 | 0 | |a COTE 330.9 |b COT |
| 245 | 0 | 0 | |a Cote D'Ivoire : |b EIU country profile 2005. |
| 260 | 0 | 0 | |a London: |b The Economist Intelligence Unit, |c 2005. |
| 300 | # | # | |a 63 p. |
| 650 | 0 | 0 | |a Cote D'Ivoire -- |x Country profile |
| 651 | 0 | 0 | |a Cote D'Ivoire |
| 999 | |a SBH000255B |b Book |c Countries |e MATRADE Sabah | ||
| 999 | |a PNG000262B |b Book |c Countries |e MATRADE Northern Regional Office | ||